Loading...

RELIGION IN the USSR. /

Bibliographic Details
Language:Undetermined
Published: 1968.
Series:Soviet studies series ed by Robert Conquest
Subjects:
LEADER 00435nam a2200133Ia 4500
001 70276
008 170722s9999 xx 000 0 und d
245 |a RELIGION IN the USSR. / 
260 |c 1968. 
490 |a Soviet studies series ed by Robert Conquest 
653 |a Ussr,religion 
942 |c GEN 
999 |c 76143  |d 76143 
952 |0 0  |1 0  |4 0  |6 Q__58_000000000000000_K8  |7 0  |8 CR  |9 107731  |a LIB  |b LIB  |d 2017-08-12  |h CR  |o Q.58 K8  |p 129456  |r 2017-08-12  |w 2017-08-12  |y GEN